000 00423nam a22001577a 4500
999 _c17457
_d17457
008 190221b xxu||||| |||| 00| 0 eng d
020 _a145117994
050 _aRT120.4
_b.L57 2013 c.1
100 _aLippincott
245 _aLippincott's Q& A certification Emergency Nursing
250 _a2nd ed.
260 _aPhiladelphia
_bWolters
_c2013
300 _axii, 340p.
650 _aEmergencies
_vNursing
942 _2lcc
_cBK